Harry Potter - Who Killed Who? - Statistics

General Stats
  • This quiz has been taken 180 times
  • The average score is 21 of 46
Answer Stats
Hint Answer % Correct
Albus Dumbledore (6) Severus Snape
97%
Basilisk (2) Harry Potter
89%
Bellatrix Lestrange (7) Molly Weasley
86%
Dobby (7) Bellatrix Lestrange
81%
Cedric Diggory (4) Peter Pettigrew
80%
Barty Crouch Snr (4) Barty Crouch Jnr (Posing as Alastor Moody)
78%
Tom Riddle (Voldemort) (7) Harry Potter
76%
Sirius Black (5) Bellatrix Lestrange
75%
Alastor Moody (7) Voldemort
74%
Severus Snape (7) Voldemort & Nagini
74%
Quirinus Quirrell (1) Harry Potter & Voldemort
70%
Bathilda Bagshot (7) Nagini
70%
Nagini (7) Neville Longbottom
68%
Amelia Bones (6) Voldemort
64%
Charity Burbage (7) Voldemort
64%
Gellert Grindelwald (7) Voldemort
59%
Bertha Jorkins (4) Voldemort
57%
Frank Bryce (4) Voldemort
55%
Lavender Brown (7) Fenrir Greyback
53%
Vincent Crabbe (7) Vincent Crabbe (His own Fiendfyre)
52%
Spider (DADA Class) (4) Barty Crouch Jnr (Posing as Alastor Moody)
50%
Peter Pettigrew (7) Peter Pettigrew (By his own magical hand)
49%
Unicorns (1) Quirinus Quirrell
45%
Mykew Gregorovitch (7) Voldemort
45%
Rufus Scrimgeour (7) Voldemort
45%
Hedwig (7) Death Eater
39%
Remus Lupin (7) Antonin Dolohov
34%
Nymphadora Tonks (7) Bellatrix Lestrange
34%
Hagrid's Chickens (2) Ginny Weasley (Possessed by the Diary)
34%
Binky (Lavender's Rabbit) (3) A Fox
32%
Colin Creevy (7) Death Eater
32%
Igor Karkaroff (6) Death Eater
30%
Bogrod (7) Ukranian Ironbelly
27%
Florean Fortescue (6) Death Eater
24%
Mrs Abbott (6) Death Eater
24%
Emmeline Vance (6) Death Eater
23%
Broderick Bode (5) Walden Macnair (With Devil's Snare)
23%
Fred Weasley Augustus Rookwood
19%
Octavius Pepper (7) Death Eater
16%
Scabior (7) Neville Longbottom (Destroying Bridge)
16%
Montgomery (Child) (6) Fenrir Greyback
11%
Karkus the Giant (5) Golgomath the Giant
11%
Gibbon (Death Eater) (6) Thorfinn Rowle
10%
Ted Tonks (7) Snatchers
9%
Dirk Cresswell (7) Snatchers
8%
Gornuk (7) Snatchers
7%
No matching quizzes found
Score Distribution
Percent of People with Each Score
Percentile by Number Answered
Your Score History
You have not taken this quiz